000
00274nam a22001217a 4500
999
_c
153943
_d
153943
082
_a
_b
100
_a
mascarenhas
245
_a
Population education for quality of life/
_c
by mascarenhas.
260
_a
_b
Oxford,
_c
1982.
300
_a
302p.
650
_a
942
_c
BK